Catálogo
 En Linea
Vista normal Vista MARC

Entrada Nombre personal

Número de registros utilizados en: 14

001 - NÚMERO DE CONTROL

  • campo de control: 8575

003 - IDENTIFICADOR DEL NÚMERO DE CONTROL

  • campo de control: BNPHU

005 - FECHA Y HORA DE LA ÚLTIMA TRANSACCIÓN

  • campo de control: 20250401135254.0

008 - DATOS DE LONGITUD FIJA

  • campo de control de longitud fija: 200615|| aca||aabn | a|a d

010 ## - NÚMERO DE CONTROL DE LA BIBLIOTECA DEL CONGRESO

  • Número de control de LC: n 81088012

040 ## - FUENTE DE LA CATALOGACIÓN

  • Centro catalogador/agencia de origen: DO-SdBNP
  • Lengua de catalogación: spa
  • Centro/agencia transcriptor: BNPHU
  • Normas de descripción: spa

100 1# - ENCABEZAMIENTO-NOMBRE DE PERSONA

  • Nombre de persona: Justo Duarte, Amaury,
  • Fechas asociadas al nombre: 1942-

370 ## - LUGAR ASOCIADO

  • Lugar de nacimiento: San Francisco de Macorís (Duarte), República Dominicana

372 ## - CAMPO DE ACTIVIDAD

  • Campo de actividad: Abogado
  • Campo de actividad: Docente
  • Campo de actividad: Escritor
  • Campo de actividad: Ensayista
  • Campo de actividad: Político.

374 ## - OCUPACIÓN

  • Ocupación: Abogado

375 ## - GÉNERO/SEXO

  • Género/Sexo: Masculino

377 ## - LENGUA/LENGUAJE ASOCIADO

  • Código del idioma: spa
  • Término de lengua/lenguaje: Español

400 1# - TRAZADO DE VÉASE--NOMBRE DE PERSONA

  • Nombre de persona: Duarte, Amaury Justo

670 ## - FUENTE DE DATOS ENCONTRADOS

  • Cita de la fuente: Work cat.: (OSt)2554: Justo Duarte, Amaury, 1942-, La filosofía de la crisis y el salto tecnológico /, 2001.

670 ## - FUENTE DE DATOS ENCONTRADOS

  • Cita de la fuente: Las luchas de clases en República Dominicana (1955-1965),
  • Información encontrada: v. 1, t.p. (Amaury Justo Duarte)

670 ## - FUENTE DE DATOS ENCONTRADOS

  • Identificador Uniforme del Recurso: https://diccionario.funglode.org/autores/justo-duarte-amaury Consultado en 01 de Abril, 2025

Con tecnología Koha